Introduction to functional analysis /

Bibliographic Details
Main Author: Taylor, Angus E. (Angus Ellis), 1911-1999
Other Authors: Lay, David C.
Format: Book
Language:English
Published: New York : Wiley, [1980]
Edition:2d ed.
Subjects:

MARC

Tag First Indicator Second Indicator Subfields
LEADER 00000pam a2200000 i 4500
001 in00000734839
005 20151016070526.0
008 790426s1980 nyu b 00110 eng
010 |a  79013658  
020 |a 0471846465 
035 |a (OCoLC)04983066 
035 |9 ADE3145AM 
040 |a DLC  |c DLC  |d TXA  |d UtOrBLW 
049 |a TXAM  |c [981560] 
050 0 0 |a QA320  |b .T3 1980 
082 0 |a 515/.7 
100 1 |a Taylor, Angus E.  |q (Angus Ellis),  |d 1911-1999. 
245 1 0 |a Introduction to functional analysis /  |c Angus E. Taylor, David C. Lay. 
250 |a 2d ed. 
264 1 |a New York :  |b Wiley,  |c [1980] 
264 4 |c ©1980 
300 |a xi, 467 pages ;  |c 24 cm. 
336 |a text  |b txt  |2 rdacontent 
337 |a unmediated  |b n  |2 rdamedia 
338 |a volume  |b nc  |2 rdacarrier 
500 |a Includes index. 
504 |a Bibliography: pages 445-454. 
650 0 |a Functional analysis. 
700 1 |a Lay, David C. 
999 |a MARS 
999 f f |s e4694f47-7cee-3b98-99f9-ad0079d009c3  |i 281c0713-ec9a-3247-b3a5-e653a48c48e8  |t 0 
952 f f |p normal  |a Texas A&M University  |b College Station  |c Sterling C. Evans Library  |d Evans: Library Stacks  |t 0  |e QA320 .T3 1980  |h Library of Congress classification  |i unmediated -- volume  |m A14804520326 
952 f f |p normal  |a Texas A&M University  |b Galveston Campus  |c Jack K. Williams Library  |d Galveston Stacks  |t 0  |e QA320 .T3 1980  |h Library of Congress classification  |i unmediated -- volume  |m 33620000564472 
998 f f |a QA320 .T3 1980  |t 0  |l Evans: Library Stacks 
998 f f |a QA320 .T3 1980  |t 0  |l Galveston Stacks